Normal view
MARC view
- Police
Entry Topical Term
001 - CONTROL NUMBER
- control field: 43808
003 - CONTROL NUMBER IDENTIFIER
- control field: OSt
005 - DATE AND TIME OF LATEST TRANSACTION
- control field: 20220118112913.0
008 - FIXED-LENGTH DATA ELEMENTS
- fixed length control field: 220118|| aca||aabn | a|a d
040 ## - CATALOGING SOURCE
- Original cataloging agency: OSt
- Transcribing agency: OSt
150 ## - HEADING--TOPICAL TERM
- Topical term or geographic name entry element: Police
- General subdivision: Gunfight.
670 ## - SOURCE DATA FOUND
- Source citation: Work cat.: (OSt): Scoville, Dean. 43807, What it's like to be shot:, ©Sept 2013-May 2016.
